000 00921nam0a22002771 4500
001 v19\rc\1969522
005 20251118181052.7
035 _a(NLR Aleph) 005051806
090 _a6902576
_c6902576
100 _a20080428d1914 u y0rusy50 ca
101 0 _arus
102 _aRU
105 _ay z |||||
200 1 _aГеройский подвиг казака Кузьмы Крючкова и геройский подвиг русского крестьянина
210 _aМосква
_cКн. биржа
_d1914
215 _a8 с.
_d18
702 1 _4570
_7ca
_8rus
_aКрючков
_bК. Ф.
_f1890-1919
_gКозьма Фирсович
_9221176
_3RU\NLR\AUTH\770221232
801 0 _aRU
_bNLR
_gpsbo
801 0 _aRU
_bRuMoRGB
_2psbo
801 1 _aRU
_bProSoft-M
_2rusmarc
852 _aNLR
_j37.80.6.215
899 _aRuMoRGB
_jΔ 11/366
899 _aRuMoRGB
_jV 316/339
899 _aГПИБ
942 _cBOOK
980 _aNB